[Event "Neckar op 20th"]
[Site "Deizisau"]
[Date "2023.04.07"]
[Round "3"]
[White "Belezky, Alexander"]
[Black "Lohr, Maximilian"]
[Result "1-0"]
[WhiteElo "2331"]
[BlackElo "2101"]
[PlyCount "121"]
[EventDate "2023.04.06"]
[EventType "swiss"]
[EventRounds "9"]
[EventCountry "GER"]
[SourceTitle "CBM 213 Extra"]
[Source "ChessBase"]
[SourceDate "2023.05.31"]
[SourceVersion "1"]
[SourceVersionDate "2023.05.31"]
[SourceQuality "1"]

1. Nf3 Nf6 2. g3 b5 3. Bg2 Bb7 4. 0-0 e6 5. d3 Be7 6. e4 d6 7. a4 b4 8. Nbd2 a5 9. Re1 c5 10. e5 dxe5 11. Nxe5 Bxg2 12. Kxg2 Qd5+ 13. Qf3 0-0 14. Nb3 Ra6 15. Bg5 Rc8 16. Bxf6 Bxf6 17. Nc4 Qxf3+ 18. Kxf3 Nd7 19. Ra2 Rca8 20. Kg2 h5 21. f4 g6 22. Re2 Be7 23. Ra1 Nb6 24. Nxb6 Rxb6 25. Re4 Rd6 26. Kf3 Rd5 27. Ke2 Kg7 28. Kd2 Bf6 29. Kc1 Bd4 30. Kb1 Ra6 31. Ka2 f5 32. Re2 Kf7 33. Rae1 Rd8 34. Nd2 Rd5 35. Kb3 Bf6 36. Nf3 Rc6 37. Nd2 Rd4 38. Nc4 Ra6 39. h4 Bg7 40. Nd2 Bf6 41. Nf3 Rd5 42. Kc4 Rad6 43. Ne5+ Bxe5 44. Rxe5 Ke7 45. Rxd5 Rxd5 46. Kb5 b3 47. c4 Rxd3 48. Kxa5 Rxg3 49. Kb6 Rg2 50. Rb1 Kd6 51. a5 Rc2 52. a6 Rxc4 53. Rd1+ Ke7 54. Ra1 Rb4+ 55. Kc7 Rd4 56. a7 Rd8 57. a8Q Rxa8 58. Rxa8 c4 59. Kc6 e5 60. fxe5 f4 61. Kd5 1-0

[Event "Bad Woerishofen op 38th"]
[Site "Bad Woerishofen"]
[Date "2023.03.11"]
[Round "9"]
[White "Korneev, Oleg"]
[Black "Belezky, Alexander"]
[Result "1/2-1/2"]
[WhiteElo "2476"]
[BlackElo "2335"]
[PlyCount "63"]
[EventDate "2023.03.03"]
[EventType "swiss"]
[EventRounds "9"]
[EventCountry "GER"]
[SourceTitle "CBM 213 Extra"]
[Source "ChessBase"]
[SourceDate "2023.05.31"]
[SourceVersion "1"]
[SourceVersionDate "2023.05.31"]
[SourceQuality "1"]

1. e4 c5 2. Nf3 d6 3. d4 Nf6 4. Nc3 cxd4 5. Nxd4 g6 6. Be3 Bg7 7. f3 Nc6 8. Qd2 0-0 9. Bc4 Nxd4 10. Bxd4 Be6 11. Bb3 Qa5 12. 0-0-0 Rfc8 13. Kb1 Bc4 14. h4 h5 15. Bxf6 Bxf6 16. Nd5 Qxd2 17. Nxf6+ exf6 18. Rxd2 Bxb3 19. axb3 Rc6 20. Rhd1 Rd8 21. b4 a6 22. Rd5 b5 23. Rc5 dxc5 24. Rxd8+ Kg7 25. bxc5 Rxc5 26. Rd6 f5 27. exf5 Rxf5 28. Rd4 g5 29. c4 bxc4 30. Rxc4 gxh4 31. Rxh4 Kg6 32. f4 1/2-1/2

[Event "BL2-Ost 2122"]
[Site "Germany"]
[Date "2022.04.30"]
[Round "3.1"]
[White "Belezky, Alexander"]
[Black "Prohaszka, Peter"]
[Result "1/2-1/2"]
[WhiteElo "2355"]
[BlackElo "2573"]
[PlyCount "67"]
[EventDate "2022.03.05"]
[EventType "team-tourn"]
[EventRounds "10"]
[EventCountry "GER"]
[SourceTitle "EXT 2023"]
[Source "ChessBase"]
[SourceDate "2022.10.05"]
[SourceVersion "1"]
[SourceVersionDate "2022.10.05"]
[SourceQuality "1"]
[WhiteTeam "Bayern Muenchen II"]
[BlackTeam "Nickelhuette Aue"]
[WhiteTeamCountry "GER"]
[BlackTeamCountry "GER"]

1. Nf3 d5 2. g3 Bg4 3. Bg2 c6 4. b3 Nf6 5. Bb2 e6 6. 0-0 Be7 7. d3 a5 8. a3 0-0 9. Nbd2 Nbd7 10. h3 Bh5 11. g4 Bg6 12. Nh4 Ne8 13. Nxg6 hxg6 14. c4 Bf6 15. Qc2 Bxb2 16. Qxb2 Nd6 17. b4 Qf6 18. Qxf6 gxf6 19. b5 cxb5 20. cxd5 Nc5 21. dxe6 fxe6 22. Rfc1 Rac8 23. Rc2 Na4 24. Rac1 Rxc2 25. Rxc2 b4 26. axb4 axb4 27. Nb3 Nc3 28. Bf3 Ra8 29. Rb2 Kf7 30. Kg2 Nd1 31. Rb1 Nc3 32. Rb2 Nd1 33. Rb1 Nc3 34. Rb2 1/2-1/2

[Event "Stein am Rhein op 12th"]
[Site "Stein am Rhein"]
[Date "2021.11.06"]
[Round "2"]
[White "Belezky, Alexander"]
[Black "Reuter, Elisa"]
[Result "1-0"]
[WhiteElo "2344"]
[BlackElo "1837"]
[PlyCount "97"]
[EventDate "2021.11.05"]
[EventType "swiss"]
[EventRounds "5"]
[EventCountry "SUI"]
[SourceTitle "EXT 2023"]
[Source "ChessBase"]
[SourceDate "2022.10.05"]
[SourceVersion "1"]
[SourceVersionDate "2022.10.05"]
[SourceQuality "1"]

1. Nf3 c5 2. b3 Nc6 3. Bb2 d6 4. c4 e5 5. Nc3 g6 6. g3 Bg7 7. d3 Nge7 8. Bg2 0-0 9. 0-0 Rb8 10. Rb1 a6 11. Ne1 b5 12. Nc2 b4 13. Nd5 Nxd5 14. Bxd5 Ne7 15. Bg2 f5 16. e3 Bb7 17. f4 Bxg2 18. Kxg2 Qc7 19. Qf3 Qc6 20. fxe5 Qxf3+ 21. Kxf3 dxe5 22. d4 e4+ 23. Ke2 Nc6 24. dxc5 Bxb2 25. Rxb2 Ne5 26. Nd4 Rfc8 27. c6 Nxc6 28. Nxc6 Rxc6 29. Rd1 Rb7 30. Rd5 Kf7 31. Rbd2 Ke7 32. R2d4 Rbc7 33. g4 Rc5 34. gxf5 gxf5 35. Kf2 Rxd5 36. Rxd5 Ke6 37. h3 Rf7 38. Ra5 f4 39. Rxa6+ Ke5 40. Ra5+ Ke6 41. Ra6+ Ke5 42. Ra5+ Ke6 43. exf4 Rxf4+ 44. Ke3 Rf3+ 45. Kxe4 Rxh3 46. Ra6+ Kd7 47. Kd4 h5 48. Kc5 h4 49. Kxb4 1-0

[Event "BL2-Ost 1920"]
[Site "Germany"]
[Date "2021.08.08"]
[Round "10.1"]
[White "Belezky, Alexander"]
[Black "Prohaszka, Peter"]
[Result "1/2-1/2"]
[WhiteElo "2384"]
[BlackElo "2570"]
[PlyCount "105"]
[EventDate "2019.10.19"]
[EventType "team-tourn"]
[EventRounds "11"]
[EventCountry "GER"]
[SourceTitle "EXT 2023"]
[Source "ChessBase"]
[SourceDate "2022.10.05"]
[SourceVersion "1"]
[SourceVersionDate "2022.10.05"]
[SourceQuality "1"]
[WhiteTeam "Bayern Muenchen II"]
[BlackTeam "Nickelhuette Aue"]
[WhiteTeamCountry "GER"]
[BlackTeamCountry "GER"]

1. e4 c6 2. Nc3 d5 3. Nf3 dxe4 4. Nxe4 Nf6 5. Qe2 Nxe4 6. Qxe4 Be6 7. Bc4 Bd5 8. Qe2 Bxc4 9. Qxc4 e6 10. 0-0 Be7 11. Qb3 Qb6 12. d3 c5 13. Qxb6 axb6 14. d4 Nc6 15. dxc5 bxc5 16. c3 f6 17. Rd1 Kf7 18. Kf1 Rhd8 19. Rxd8 Rxd8 20. Ke2 g5 21. Be3 Ra8 22. a3 b5 23. Rd1 Ke8 24. Nd2 f5 25. g3 Ne5 26. Bxg5 Bxg5 27. f4 Bxf4 28. gxf4 Ng6 29. Nb3 Ra4 30. Nxc5 Rxf4 31. Rd4 e5 32. Rxf4 Nxf4+ 33. Kd2 Ke7 34. a4 bxa4 35. Nxa4 e4 36. b4 Nd3 37. Ke3 Kd6 38. Nb6 Nb2 39. Kf4 Ke6 40. h3 h6 41. b5 h5 42. c4 h4 43. Nd5 Nxc4 44. b6 Nd6 45. Ne3 Kd7 46. Ng2 Kc6 47. Nxh4 Kxb6 48. Nxf5 Nxf5 49. Kxe4 Nh4 50. Kf4 Kc6 51. Kg5 Ng2 52. h4 Nxh4 53. Kxh4 1/2-1/2

[Event "GER-ch 92nd"]
[Site "Magdeburg"]
[Date "2021.07.27"]
[Round "4"]
[White "Matthes, Aaron"]
[Black "Belezky, Alexander"]
[Result "1-0"]
[WhiteElo "2035"]
[BlackElo "2377"]
[PlyCount "77"]
[EventDate "2021.07.25"]
[EventType "swiss"]
[EventRounds "9"]
[EventCountry "GER"]
[SourceTitle "CBM 203 Extra"]
[Source "ChessBase"]
[SourceDate "2021.09.30"]
[SourceVersion "1"]
[SourceVersionDate "2021.09.30"]
[SourceQuality "1"]

1. d4 Nf6 2. c4 e6 3. Nf3 Bb4+ 4. Bd2 Qe7 5. e3 Ne4 6. Bd3 Nxd2 7. Nbxd2 Bxd2+ 8. Qxd2 d6 9. e4 e5 10. 0-0 0-0 11. h3 a5 12. Qc3 Re8 13. dxe5 dxe5 14. c5 Qf6 15. Bc4 Nd7 16. Rad1 Nf8 17. Rfe1 Ng6 18. Bf1 Be6 19. b3 a4 20. bxa4 c6 21. a5 Bxa2 22. Rd6 Qe7 23. Red1 Be6 24. g3 Qc7 25. Ra1 f6 26. Nd2 Nf8 27. Nc4 Bxc4 28. Bxc4+ Kh8 29. Qb4 h6 30. Ra2 Nh7 31. h4 g5 32. Be6 gxh4 33. Rd7 Qb8 34. Bf5 Nf8 35. Qd2 Nxd7 36. Qxd7 Kg8 37. Qh7+ Kf8 38. Bg6 Re7 39. Qh8# 1-0

[Event "Locarno op"]
[Site "Locarno"]
[Date "2021.04.16"]
[Round "1"]
[White "Belezky, Alexander"]
[Black "Paholok, Igor"]
[Result "1-0"]
[WhiteElo "2383"]
[BlackElo "1650"]
[PlyCount "47"]
[EventDate "2021.04.16"]
[EventType "swiss"]
[EventRounds "5"]
[EventCountry "SUI"]
[SourceTitle "EXT 2022"]
[Source "ChessBase"]
[SourceDate "2021.10.06"]
[SourceVersion "1"]
[SourceVersionDate "2021.10.06"]
[SourceQuality "1"]

1. Nf3 e6 2. g3 f5 3. d4 Nf6 4. Bg2 d5 5. 0-0 c6 6. b3 Bd6 7. Ba3 0-0 8. c4 Qe7 9. Qc1 Bd7 10. Bxd6 Qxd6 11. Qa3 Qxa3 12. Nxa3 Ne4 13. Ne5 Be8 14. Bxe4 fxe4 15. f3 exf3 16. exf3 Nd7 17. Nxd7 Bxd7 18. Rae1 Rf6 19. Re3 Raf8 20. Kg2 Kf7 21. Rfe1 Ke7 22. Nc2 Kd6 23. Nb4 b6 24. Nd3 1-0

[Event "Titled Tuesday intern op 11th Aug"]
[Site "Chess.com INT"]
[Date "2020.08.11"]
[Round "9"]
[White "Belenkaya, Dina"]
[Black "Belezky, Alexander"]
[Result "0-1"]
[WhiteElo "2297"]
[BlackElo "2382"]
[PlyCount "116"]
[EventDate "2020.08.11"]
[EventType "swiss (blitz)"]
[EventRounds "10"]
[EventCountry "USA"]
[SourceTitle "CBM 197 Extra"]
[Source "ChessBase"]
[SourceDate "2020.09.30"]
[SourceVersion "1"]
[SourceVersionDate "2020.09.30"]
[SourceQuality "1"]

1. e4 c5 2. Nc3 d6 3. g3 Nc6 4. Bg2 g6 5. Nge2 Bg7 6. d3 Nf6 7. h3 Rb8 8. Be3 0-0 9. Qd2 b5 10. Bh6 b4 11. Nd5 e6 12. Bxg7 Kxg7 13. Ne3 Nd4 14. Ng4 h5 15. Qh6+ Kg8 16. Nf4 Nh7 17. Nxg6 fxg6 18. Qxg6+ Kh8 19. Qxh5 Nxc2+ 20. Ke2 Nxa1 21. Rxa1 Qg5 22. Qxg5 Nxg5 23. f4 Nh7 24. Ne3 Ba6 25. Rd1 Nf6 26. g4 Nd7 27. f5 exf5 28. exf5 Ne5 29. Bd5 Bb7 30. d4 cxd4 31. Rxd4 Bxd5 32. Nxd5 a5 33. Nf4 Rb6 34. Ne6 Rc8 35. Rd2 Kg8 36. g5 Kf7 37. h4 Rc4 38. h5 Rh4 39. h6 Rh2+ 40. Kd1 Rxd2+ 41. Kxd2 Nf3+ 42. Ke3 Nh4 43. Kf4 Nxf5 44. Kxf5 Rb5+ 45. Kf4 Kxe6 46. h7 Rb8 47. Kg4 Kf7 48. Kh5 Kg7 49. b3 d5 50. g6 d4 51. Kg5 d3 52. Kf4 d2 53. Ke3 d1Q 54. Ke4 Re8+ 55. Kf5 Qf1+ 56. Kg4 Re4+ 57. Kg5 Qf4+ 58. Kh5 Qh6# 0-1

[Event "Titled Tuesday intern op 11th Aug"]
[Site "Chess.com INT"]
[Date "2020.08.11"]
[Round "6"]
[White "Belezky, Alexander"]
[Black "Gago Padreny, Ignacio"]
[Result "1-0"]
[WhiteElo "2382"]
[BlackElo "2291"]
[PlyCount "69"]
[EventDate "2020.08.11"]
[EventType "swiss (blitz)"]
[EventRounds "10"]
[EventCountry "USA"]
[SourceTitle "CBM 197 Extra"]
[Source "ChessBase"]
[SourceDate "2020.09.30"]
[SourceVersion "1"]
[SourceVersionDate "2020.09.30"]
[SourceQuality "1"]

1. Nf3 d5 2. g3 Nf6 3. Bg2 e6 4. d3 Be7 5. 0-0 0-0 6. Nbd2 b6 7. e4 dxe4 8. Ng5 Bb7 9. Ngxe4 Qc8 10. Re1 c5 11. Nc4 Nxe4 12. Bxe4 Nd7 13. Bf4 Nf6 14. Bf3 Rd8 15. Qe2 Bxf3 16. Qxf3 Nd5 17. Bd2 Bf6 18. a4 Qd7 19. h4 Rac8 20. h5 h6 21. Re4 Kh7 22. Rg4 Ne7 23. Re1 Qd5 24. Rge4 Nf5 25. Bc3 Bxc3 26. bxc3 Rc7 27. g4 Nd6 28. Nxd6 Rxd6 29. c4 Qg5 30. Qg3 Rcd7 31. f4 Qd8 32. g5 Rd4 33. g6+ fxg6 34. Qxg6+ Kh8 35. Rxe6 1-0

[Event "Titled Tuesday intern op 11th Aug"]
[Site "Chess.com INT"]
[Date "2020.08.11"]
[Round "8"]
[White "Belezky, Alexander"]
[Black "Pahomov, Ruslan"]
[Result "1-0"]
[WhiteElo "2382"]
[BlackElo "2238"]
[PlyCount "171"]
[EventDate "2020.08.11"]
[EventType "swiss (blitz)"]
[EventRounds "10"]
[EventCountry "USA"]
[SourceTitle "CBM 197 Extra"]
[Source "ChessBase"]
[SourceDate "2020.09.30"]
[SourceVersion "1"]
[SourceVersionDate "2020.09.30"]
[SourceQuality "1"]

1. Nf3 Nf6 2. g3 c6 3. Bg2 d5 4. d3 Bg4 5. 0-0 Nbd7 6. c4 e6 7. Be3 Bc5 8. Bxc5 Nxc5 9. Qc2 Bxf3 10. Bxf3 Ncd7 11. Nd2 0-0 12. Bg2 Qb6 13. Rab1 a5 14. b3 Rad8 15. Nf3 Rfe8 16. Nd2 Nc5 17. a3 Ncd7 18. Nf3 Ra8 19. Qc3 h6 20. Qd4 Qxd4 21. Nxd4 Nc5 22. Nc2 Red8 23. Rfe1 Kf8 24. Bf3 g6 25. h4 h5 26. Kg2 Ke7 27. Red1 Ra7 28. Rdc1 Rda8 29. Ne3 Ncd7 30. Nc2 Ne5 31. Ne3 Nfd7 32. Rc2 Nf6 33. Rcc1 Nfd7 34. cxd5 exd5 35. d4 Nxf3 36. Kxf3 Kd6 37. Ng2 Re8 38. Nf4 Nf8 39. e3 Ne6 40. Nd3 f6 41. Nf4 Nxf4 42. gxf4 f5 43. Rg1 Re6 44. Rg5 Ke7 45. Rc1 Kf7 46. Rgg1 Re7 47. Rc5 Re6 48. Rb1 Re7 49. b4 axb4 50. axb4 Ra6 51. b5 Rb6 52. Ra1 Rxb5 53. Rxb5 cxb5 54. Rb1 Ke6 55. Rxb5 Kd6 56. Rb6+ Kc7 57. Rxg6 b5 58. Ke2 Re8 59. Kd3 Ra8 60. Kc3 Ra2 61. Kb4 Rxf2 62. Kxb5 Rh2 63. Kc5 Rxh4 64. Rg7+ Kd8 65. Kxd5 Rh3 66. Ke5 Rxe3+ 67. Kxf5 h4 68. Rh7 h3 69. d5 Rd3 70. Ke6 Re3+ 71. Kd6 Ke8 72. f5 Kf8 73. f6 Kg8 74. Rh4 Kf7 75. Rh6 h2 76. Rxh2 Kxf6 77. Rf2+ Kg7 78. Kd7 Rd3 79. d6 Kg8 80. Ke7 Re3+ 81. Kd8 Rc3 82. d7 Rc4 83. Ke7 Re4+ 84. Kd6 Rd4+ 85. Ke6 Rd1 86. Rf5 1-0

[Event "Titled Tuesday intern op 11th Aug"]
[Site "Chess.com INT"]
[Date "2020.08.11"]
[Round "10"]
[White "Belezky, Alexander"]
[Black "Vokhidov, Shamsiddin"]
[Result "0-1"]
[WhiteElo "2382"]
[BlackElo "2512"]
[PlyCount "100"]
[EventDate "2020.08.11"]
[EventType "swiss (blitz)"]
[EventRounds "10"]
[EventCountry "USA"]
[SourceTitle "CBM 197 Extra"]
[Source "ChessBase"]
[SourceDate "2020.09.30"]
[SourceVersion "1"]
[SourceVersionDate "2020.09.30"]
[SourceQuality "1"]

1. Nf3 c5 2. g3 g6 3. Bg2 Bg7 4. d3 Nc6 5. 0-0 d6 6. c3 Nf6 7. Qa4 Bd7 8. Qh4 h5 9. Qa4 h4 10. Nxh4 Qc8 11. Nd2 Bh3 12. Ndf3 Bxg2 13. Nxg2 Qh3 14. Nf4 Qd7 15. h4 e5 16. Ng2 a6 17. Bg5 0-0 18. Bxf6 Bxf6 19. Ne3 Rad8 20. Qg4 Qxg4 21. Nxg4 Bg7 22. Ne3 d5 23. c4 e4 24. dxe4 dxe4 25. Ng5 Rfe8 26. Rad1 Nd4 27. Rfe1 b5 28. b3 f6 29. Nh3 Bh6 30. Nd5 Kf7 31. Nc7 Nxe2+ 32. Kf1 Rxd1 33. Rxd1 Re7 34. Nxa6 Nc3 35. Re1 bxc4 36. bxc4 Nxa2 37. Nxc5 f5 38. Rd1 Re5 39. Rd5 Rxd5 40. cxd5 Nb4 41. d6 Bf8 42. d7 Nc6 43. Nf4 Bxc5 44. h5 gxh5 45. Nxh5 Bd6 46. f3 exf3 47. Kf2 Kg6 48. Nf4+ Bxf4 49. gxf4 Kf6 50. Kxf3 Ke6 0-1

[Event "Davos op 19th"]
[Site "Davos"]
[Date "2020.08.07"]
[Round "1"]
[White "Mamalis, Prokopios"]
[Black "Belezky, Alexander"]
[Result "0-1"]
[WhiteElo "1667"]
[BlackElo "2382"]
[PlyCount "52"]
[EventDate "2020.08.07"]
[EventType "swiss"]
[EventRounds "5"]
[EventCountry "SUI"]
[SourceTitle "CBM 197 Extra"]
[Source "ChessBase"]
[SourceDate "2020.09.30"]
[SourceVersion "1"]
[SourceVersionDate "2020.09.30"]
[SourceQuality "1"]

1. e4 c5 2. Nc3 d6 3. d4 cxd4 4. Qxd4 Nc6 5. Qd2 g6 6. b3 Bg7 7. Bb2 Nf6 8. 0-0-0 0-0 9. Kb1 Qa5 10. f3 Be6 11. Nge2 Rfd8 12. Nf4 Bh6 13. g3 Nh5 14. Nce2 Qxd2 15. Rxd2 Nxf4 16. gxf4 d5 17. Rd3 dxe4 18. fxe4 Rxd3 19. cxd3 Rd8 20. d4 Bg4 21. d5 Bf3 22. dxc6 Bxe4+ 23. Kc1 Bxh1 24. c7 Rc8 25. Be5 Bg7 26. Bh3 f5 0-1

[Event "BL2-Ost 1920"]
[Site "Germany"]
[Date "2019.12.08"]
[Round "6.1"]
[White "Belezky, Alexander"]
[Black "Sedlak, Nikola"]
[Result "1/2-1/2"]
[WhiteElo "2384"]
[BlackElo "2557"]
[PlyCount "62"]
[EventDate "2019.10.19"]
[EventType "team-tourn"]
[EventRounds "11"]
[EventCountry "GER"]
[SourceTitle "CBM 194 Extra"]
[Source "ChessBase"]
[SourceDate "2020.03.31"]
[SourceVersion "1"]
[SourceVersionDate "2020.03.31"]
[SourceQuality "1"]
[WhiteTeam "Bayern Muenchen II"]
[BlackTeam "Deggendorf"]
[WhiteTeamCountry "GER"]
[BlackTeamCountry "GER"]

1. Nf3 d5 2. g3 g6 3. Bg2 Bg7 4. d3 e5 5. 0-0 Ne7 6. e4 0-0 7. Nc3 d4 8. Nb1 c5 9. a4 Nec6 10. Na3 Re8 11. Bg5 f6 12. Bd2 Be6 13. Nh4 Bf7 14. Bh3 Nd7 15. Nc4 Nf8 16. b3 Nb4 17. Ng2 Qe7 18. f4 Red8 19. fxe5 fxe5 20. Qc1 Ne6 21. Ne1 Rf8 22. Nf3 Nc6 23. Ng5 Nxg5 24. Bxg5 Qc7 25. Qd2 Kh8 26. Rf3 Bxc4 27. Rxf8+ Rxf8 28. bxc4 Bf6 29. Bh6 Bg7 30. Bg5 Bf6 31. Bh6 Bg7 1/2-1/2